[Event "UZB-ch 1st League"]
[Site "Tashkent"]
[Date "2016.02.17"]
[Round "6"]
[White "Rahman, Adel"]
[Black "Karimov, Ibragim"]
[Result "1/2-1/2"]
[WhiteElo "2304"]
[BlackElo "2290"]
[PlyCount "99"]
[EventDate "2016.02.12"]
[EventType "tourn"]
[EventRounds "11"]
[EventCountry "UZB"]
[EventCategory "1"]
[SourceTitle "CBM 171 Extra"]
[Source "ChessBase"]
[SourceDate "2016.04.26"]
[SourceVersion "1"]
[SourceVersionDate "2016.04.26"]
[SourceQuality "1"]

1. d4 d6 2. Nf3 g6 3. g3 Bg7 4. Bg2 c5 5. 0-0 Qb6 6. c3 Nf6 7. Re1 0-0 8. h3 Nc6 9. d5 Na5 10. Nfd2 e6 11. c4 exd5 12. cxd5 Qc7 13. Nc3 a6 14. Qa4 b5 15. Qh4 Qd8 16. Nb3 Nxb3 17. axb3 b4 18. Nb1 Nd7 19. Bg5 f6 20. Bc1 Nb6 21. e4 a5 22. Bh6 g5 23. Qh5 Qe8 24. Qxe8 Rxe8 25. Bxg7 Kxg7 26. Nd2 Bd7 27. Bf1 a4 28. bxa4 Bxa4 29. f4 gxf4 30. gxf4 Bd7 31. Rxa8 Rxa8 32. e5 fxe5 33. fxe5 dxe5 34. Rxe5 Kf6 35. Re1 Bf5 36. Rc1 Nxd5 37. Rxc5 Rd8 38. Nc4 Nf4 39. h4 Ne6 40. Rb5 Rd4 41. Ne3 Be4 42. Bc4 Nf4 43. Rxb4 Ng6 44. Ng4+ Ke7 45. Nf2 Bd5 46. b3 Nxh4 47. Ra4 Bxc4 48. Rxc4 Nf3+ 49. Kg2 Rxc4 50. bxc4 1/2-1/2

[Event "UZB-ch 1st League"]
[Site "Tashkent"]
[Date "2016.02.16"]
[Round "5"]
[White "Rahman, Adel"]
[Black "Kholmirzaev, Bakhodir"]
[Result "1-0"]
[WhiteElo "2304"]
[BlackElo "2352"]
[PlyCount "85"]
[EventDate "2016.02.12"]
[EventType "tourn"]
[EventRounds "11"]
[EventCountry "UZB"]
[EventCategory "1"]
[SourceTitle "CBM 171 Extra"]
[Source "ChessBase"]
[SourceDate "2016.04.26"]
[SourceVersion "1"]
[SourceVersionDate "2016.04.26"]
[SourceQuality "1"]

1. d4 d6 2. Nf3 Bg4 3. c4 Bxf3 4. exf3 c6 5. Nc3 Nf6 6. d5 g6 7. Be2 Bg7 8. Be3 0-0 9. Qb3 Qc7 10. 0-0 Nbd7 11. Rac1 a6 12. Rfe1 Rfb8 13. g4 c5 14. a4 Nf8 15. f4 Qd7 16. h3 b6 17. Bf3 h5 18. Qd1 Ne8 19. Rc2 hxg4 20. hxg4 Nc7 21. Rce2 Re8 22. Ne4 b5 23. b3 bxc4 24. bxc4 Rab8 25. Bd2 e6 26. Ba5 exd5 27. cxd5 Na8 28. g5 Bh8 29. Kg2 Bg7 30. Rh1 Nb6 31. Bc3 Bxc3 32. Nxc3 f5 33. gxf6 Qf5 34. Rxe8 Rxe8 35. Qb1 Qxf4 36. Qxb6 Qg5+ 37. Kf1 Qxf6 38. Rh3 Qxc3 39. Qxd6 Qc4+ 40. Kg2 Qxa4 41. Qf6 Nh7 42. Qxg6+ Kf8 43. Rxh7 1-0

[Event "Wch U18"]
[Site "Porto Carras"]
[Date "2015.11.01"]
[Round "7"]
[White "Harutyunian, Tigran K"]
[Black "Rahman, Adel"]
[Result "1-0"]
[WhiteElo "2459"]
[BlackElo "2234"]
[PlyCount "143"]
[EventDate "2015.10.25"]
[EventType "swiss"]
[EventRounds "11"]
[EventCountry "GRE"]
[SourceTitle "CBM 169 Extra"]
[Source "ChessBase"]
[SourceDate "2015.12.18"]
[SourceVersion "1"]
[SourceVersionDate "2015.12.18"]
[SourceQuality "1"]

1. c4 Nf6 2. Nf3 g6 3. g3 Bg7 4. Bg2 c6 5. Nc3 d5 6. d4 0-0 7. Qb3 Qb6 8. 0-0 Rd8 9. cxd5 Qxb3 10. axb3 Nxd5 11. Bg5 Kf8 12. Rfc1 Be6 13. Ra3 Na6 14. Bd2 Nac7 15. e3 Nxc3 16. bxc3 Nb5 17. Raa1 Bxb3 18. c4 Nd6 19. Ba5 b6 20. Nd2 Bxc4 21. Nxc4 Nxc4 22. Rxc4 bxa5 23. Rxa5 Rac8 24. Rxa7 e5 25. Bxc6 exd4 26. Bd5 Rxc4 27. Rxf7+ Kg8 28. Bxc4 Kh8 29. Re7 Bf8 30. Re5 dxe3 31. fxe3 Rd2 32. Rb5 Bd6 33. e4 Rd4 34. Bd5 Be5 35. Bc6 Rd1+ 36. Kf2 Bd4+ 37. Ke2 Rc1 38. Bd5 Kg7 39. Rb7+ Kh6 40. Bg8 Bg7 41. g4 Bf6 42. Rxh7+ Kg5 43. h3 Rc2+ 44. Ke3 Rc3+ 45. Kd2 Rg3 46. Bf7 Ra3 47. Ke2 Rc3 48. Be8 Rc2+ 49. Ke3 Rc3+ 50. Kd2 Rg3 51. Ke2 Rc3 52. Bb5 Rg3 53. Bd3 Be5 54. Kd2 Bf4+ 55. Kc3 Be5+ 56. Kc4 Bf6 57. Bb1 Rg1 58. Ba2 Rd1 59. Kc5 Kf4 60. Bd5 Be5 61. Rf7+ Kg3 62. Rh7 Rh1 63. Rh6 g5 64. Be6 Rxh3 65. Rxh3+ Kxh3 66. Kd5 Bb2 67. e5 Kg3 68. Ke4 Ba3 69. Bc8 Be7 70. Kf5 Bd8 71. e6 Be7 72. Kg6 1-0

[Event "UZB-ch qual"]
[Site "Tashkent"]
[Date "2015.04.30"]
[Round "9"]
[White "Karimov, Ibragim"]
[Black "Rahman, Adel"]
[Result "1/2-1/2"]
[WhiteElo "2253"]
[BlackElo "2220"]
[PlyCount "60"]
[EventDate "2015.04.21"]
[EventType "tourn"]
[EventRounds "9"]
[EventCountry "UZB"]
[SourceTitle "CBM 166 Extra"]
[Source "ChessBase"]
[SourceDate "2015.06.18"]
[SourceVersion "1"]
[SourceVersionDate "2015.06.18"]
[SourceQuality "1"]

1. e4 e5 2. Nf3 Nc6 3. Bb5 g6 4. d4 exd4 5. Nxd4 Bg7 6. Nxc6 bxc6 7. Bd3 Ne7 8. 0-0 0-0 9. Nd2 d6 10. Rb1 Be6 11. b3 c5 12. Bb2 Bxb2 13. Rxb2 Nc6 14. c3 Qf6 15. Rc2 Ne5 16. Be2 g5 17. Re1 a5 18. h3 Qg7 19. Bg4 f5 20. exf5 Bxf5 21. Bxf5 Rxf5 22. Nc4 Nxc4 23. bxc4 Raf8 24. Re4 Re5 25. Qd3 Qg6 26. Rce2 Rf4 27. f3 Rfxe4 28. Rxe4 Rxe4 29. fxe4 Qf7 30. Qd5 Qxd5 1/2-1/2

[Event "UZB-ch qual"]
[Site "Tashkent"]
[Date "2015.04.28"]
[Round "7"]
[White "Abdisalimov, Abdimalik"]
[Black "Rahman, Adel"]
[Result "1/2-1/2"]
[WhiteElo "2125"]
[BlackElo "2220"]
[PlyCount "139"]
[EventDate "2015.04.21"]
[EventType "tourn"]
[EventRounds "9"]
[EventCountry "UZB"]
[SourceTitle "CBM 166 Extra"]
[Source "ChessBase"]
[SourceDate "2015.06.18"]
[SourceVersion "1"]
[SourceVersionDate "2015.06.18"]
[SourceQuality "1"]

1. e4 e5 2. Nc3 Nf6 3. f4 d5 4. exd5 exf4 5. Qf3 Bd6 6. Bb5+ Nbd7 7. d4 0-0 8. Nge2 Nb6 9. Bxf4 Bg4 10. Qg3 Bxe2 11. Bxe2 Bxf4 12. Qxf4 Nbxd5 13. Nxd5 Nxd5 14. Qd2 Qd6 15. 0-0 Rad8 16. Kh1 Nf6 17. Rad1 c5 18. c3 cxd4 19. Qxd4 Qxd4 20. Rxd4 Rxd4 21. cxd4 Rd8 22. Rd1 Kf8 23. Bf3 b6 24. Kg1 Ke7 25. Rd3 Rd7 26. Kf2 Kd6 27. Rc3 Rc7 28. Ke3 Nd7 29. Kf4 Nf8 30. Bg4 Ng6+ 31. Ke3 Re7+ 32. Kf3 Kd5 33. Bh5 Nh4+ 34. Kg3 Nf5+ 35. Kf4 Nxd4 36. Bf3+ Nxf3 37. Kxf3 f5 38. Rc8 Ke5 39. b4 g5 40. a4 h5 41. a5 g4+ 42. Kf2 bxa5 43. bxa5 h4 44. Rh8 Re6 45. Rxh4 Ra6 46. h3 gxh3 47. Rxh3 Rxa5 48. Rb3 Ra4 49. Kf3 Ra5 50. Rd3 Rd5 51. Ra3 a5 52. Ra4 Kd6 53. g4 fxg4+ 54. Rxg4 Kc5 55. Ke3 Kb5 56. Rg8 a4 57. Rb8+ Kc4 58. Ra8 Kb3 59. Rb8+ Ka2 60. Rb4 a3 61. Ke2 Rh5 62. Kd1 Rh2 63. Kc1 Rb2 64. Rc4 Kb3 65. Rc8 Rh2 66. Rb8+ Ka2 67. Rb7 Rb2 68. Rc7 Rb4 69. Kc2 Ka1 70. Kc1 1/2-1/2

[Event "UZB-ch qual"]
[Site "Tashkent"]
[Date "2015.04.24"]
[Round "3"]
[White "Rahman, Adel"]
[Black "Saydaliev, Saidakbar"]
[Result "1-0"]
[WhiteElo "2220"]
[BlackElo "2163"]
[PlyCount "67"]
[EventDate "2015.04.21"]
[EventType "tourn"]
[EventRounds "9"]
[EventCountry "UZB"]
[SourceTitle "CBM 166 Extra"]
[Source "ChessBase"]
[SourceDate "2015.06.18"]
[SourceVersion "1"]
[SourceVersionDate "2015.06.18"]
[SourceQuality "1"]

1. e4 c5 2. Nf3 Nc6 3. Bb5 d6 4. 0-0 Bd7 5. Re1 Nf6 6. c3 a6 7. Bf1 Bg4 8. h3 Bxf3 9. Qxf3 g6 10. d3 Bg7 11. Be3 Nd7 12. Nd2 0-0 13. Qd1 b5 14. Nf3 b4 15. Qa4 Qc7 16. d4 Rfb8 17. Rac1 Nb6 18. Qc2 Nd7 19. d5 Na5 20. Qa4 bxc3 21. bxc3 c4 22. Bd4 Rb2 23. Rb1 Rab8 24. Rxb2 Rxb2 25. Qa3 Rb8 26. Rc1 h6 27. Nd2 Rb5 28. Nxc4 Nc5 29. Nd2 Rb8 30. Re1 Rb7 31. e5 Bxe5 32. Rxe5 dxe5 33. Bxc5 e4 34. Bb4 1-0

[Event "Agzamov Memorial 09th"]
[Site "Tashkent"]
[Date "2015.03.12"]
[Round "2"]
[White "Aleksandrov, Aleksej"]
[Black "Rahman, Adel"]
[Result "1-0"]
[WhiteElo "2603"]
[BlackElo "2232"]
[PlyCount "73"]
[EventDate "2015.03.11"]
[EventType "swiss"]
[EventRounds "9"]
[EventCountry "UZB"]
[SourceTitle "CBM 165 Extra"]
[Source "ChessBase"]
[SourceDate "2015.04.21"]
[SourceVersion "1"]
[SourceVersionDate "2015.04.21"]
[SourceQuality "1"]

1. d4 d5 2. c4 e6 3. Nc3 c6 4. e3 Nf6 5. Nf3 Nbd7 6. Qc2 Bd6 7. b3 0-0 8. Be2 Re8 9. h3 dxc4 10. bxc4 e5 11. 0-0 exd4 12. exd4 Nf8 13. Rd1 Ng6 14. a4 Qa5 15. c5 Bf4 16. Bb2 Be6 17. g3 Bh6 18. h4 Bg4 19. Qd3 Rad8 20. Bf1 Be3 21. Re1 Bh6 22. Rxe8+ Rxe8 23. Bg2 Qd8 24. Re1 Bxf3 25. Rxe8+ Qxe8 26. Bxf3 Qe1+ 27. Kg2 Bc1 28. Bxc1 Qxc1 29. Qe3 Qc2 30. d5 cxd5 31. Bxd5 h5 32. Bf3 Qb2 33. Qd4 Kh7 34. Nb5 Qxd4 35. Nxd4 Nd7 36. Nb3 Nge5 37. Bxb7 1-0